[Event "III Trofeo Giorgio Porreca"]
[Site "Napoli ITA"]
[Date "2013.09.26"]
[Round "1"]
[White "Buiano, Fabio"]
[Black "Lettieri, Giuseppe"]
[WhiteElo "2024"]
[BlackElo "2395"]
[Result "0-1"]
[PlyCount "92"]
[EventDate "2013.09.26"]

1. e4 e5 2. Nf3 Nc6 3. d4 exd4 4. Bc4 Bc5 5. c3 Nf6 6. cxd4 Bb4+ 7. Bd2 Bxd2+
8. Nbxd2 d5 9. exd5 Nxd5 10. Qb3 Na5 11. Qa4+ Nc6 12. Ne5 O-O 13. Nxc6 Qe8+ 14.
Kf1 Nb6 15. Qb5 bxc6 16. Qb3 Nxc4 17. Qxc4 a5 18. Qc3 Be6 19. f3 Qb8 20. Ne4
Qb4 21. Kf2 Rab8 22. b3 Bd5 23. Rhd1 Rfd8 24. Rac1 Qe7 25. Nc5 Rb4 26. Kg1 Qf6
27. Na6 Rb7 28. Nc5 Rb5 29. Qe3 h6 30. Rd2 Rbb8 31. Qc3 Qf4 32. Re1 Re8 33.
Rde2 Rxe2 34. Rxe2 Rb4 35. Rd2 g5 36. h3 h5 37. Nd7 Kg7 38. Ne5 f6 39. Nd7 Qd6
40. Nc5 Bf7 41. Qe3 Rb8 42. Qc3 Re8 43. Qxa5 Re1+ 44. Kf2 Rc1 45. Ne4 Qh2 46.
Ng3 Qg1+ 0-1

[Event "III Trofeo Giorgio Porreca"]
[Site "Napoli ITA"]
[Date "2013.09.26"]
[Round "1"]
[White "Di Gennaro, Antonio"]
[Black "Baccelliere, Donato"]
[WhiteElo "1667"]
[BlackElo "1422"]
[Result "1-0"]
[PlyCount "37"]
[EventDate "2013.09.26"]

1. e4 e5 2. Nf3 Nc6 3. Bb5 Nf6 4. O-O d6 5. d4 Bd7 6. Nc3 a6 7. Bxc6 bxc6 8.
dxe5 Ng4 9. Bg5 Be7 10. Bxe7 Qxe7 11. exd6 cxd6 12. h3 Ne5 13. Nxe5 Qxe5 14.
Qf3 Rb8 15. Rab1 O-O 16. Rfd1 f5 17. Qd3 fxe4 18. Qxd6 Rbd8 19. Qxe5 1-0

[Event "III Trofeo Giorgio Porreca"]
[Site "Napoli ITA"]
[Date "2013.09.26"]
[Round "1"]
[White "Lombardo, Claudio"]
[Black "Somma, Erminio"]
[WhiteElo "1838"]
[BlackElo "1527"]
[Result "1-0"]
[PlyCount "99"]
[EventDate "2013.09.26"]

1. d4 f5 2. g3 g6 3. Bg2 Bg7 4. c4 Nf6 5. Nc3 d6 6. Nf3 O-O 7. Qc2 Qe8 8. O-O
e5 9. dxe5 dxe5 10. Nb5 Na6 11. e3 Qe7 12. Bd2 c6 13. Na3 e4 14. Nd4 Bd7 15.
Rab1 Nb4 16. Bxb4 Qxb4 17. Rfd1 Rad8 18. Rd2 Qe7 19. Rbd1 Bc8 20. Nb1 c5 21.
Ne2 Rxd2 22. Qxd2 b6 23. Nbc3 Be6 24. b3 Bd7 25. Nd5 Nxd5 26. Qxd5+ Be6 27. Qd2
Bf6 28. Nf4 Rd8 29. Qxd8+ Qxd8 30. Rxd8+ Bxd8 31. Nxe6 Be7 32. Nf4 a5 33. Nd5
Bd8 34. f3 exf3 35. Bxf3 Kg7 36. Kf2 Kf7 37. e4 Ke6 38. exf5+ Kxf5 39. Ke3 Ke5
40. Kd3 g5 41. g4 h6 42. h3 Kd6 43. Ke4 Ke6 44. Be2 Kf7 45. Ke5 Kg6 46. Kd6 Kf7
47. Kd7 Bf6 48. Nxf6 Kxf6 49. Kc6 Ke5 50. Kxb6 1-0

[Event "III Trofeo Giorgio Porreca"]
[Site "Napoli ITA"]
[Date "2013.09.26"]
[Round "1"]
[White "Messina, Enrico"]
[Black "Gallo, Thomas Renato"]
[WhiteElo "2216"]
[BlackElo "1911"]
[Result "1-0"]
[PlyCount "41"]
[EventDate "2013.09.26"]

1. e4 d6 2. d4 Nf6 3. Nc3 Nbd7 4. Nf3 e5 5. g4 exd4 6. Nxd4 Ne5 7. g5 Ng8 8. f4
Ng6 9. h4 h5 10. Be2 N8e7 11. Be3 d5 12. exd5 Nxd5 13. Bb5+ Ke7 14. Nf5+ Ke6
15. Nxd5 Qxd5 16. Qxd5+ Kxd5 17. O-O-O+ Ke6 18. Nd4+ Ke7 19. Rhe1 c6 20. Nxc6+
bxc6 21. Bc5# 1-0

[Event "III Trofeo Giorgio Porreca"]
[Site "Napoli ITA"]
[Date "2013.09.26"]
[Round "1"]
[White "Parise, Mariano"]
[Black "Solombrino, Giovanni"]
[WhiteElo "1641"]
[BlackElo "1858"]
[Result "0-1"]
[PlyCount "100"]
[EventDate "2013.09.26"]

1. Nf3 c5 2. c4 Nc6 3. d4 cxd4 4. Nxd4 Nf6 5. Nc3 g6 6. e4 d6 7. Be2 Bg7 8. Be3
O-O 9. h3 Qa5 10. Qd2 Bd7 11. O-O Nxd4 12. Bxd4 Nxe4 13. Nxe4 Qxd2 14. Nxd2
Bxd4 15. Rab1 Bf5 16. Rbe1 Bxb2 17. g4 Bc3 18. Rd1 Be6 19. Ne4 Bg7 20. Ng5 Bc8
21. f4 h6 22. Nf3 b6 23. Nd4 Bxd4+ 24. Rxd4 Bb7 25. Bd3 Rac8 26. f5 Kg7 27. Re1
Rc7 28. h4 g5 29. h5 Kf6 30. Bc2 Rfc8 31. Bb3 Rc5 32. Kf2 R8c7 33. Re3 Ba6 34.
Ree4 Re5 35. Ke3 Rxe4+ 36. Kxe4 Bb7+ 37. Ke3 Rc5 38. Bc2 b5 39. Bb3 b4 40. Bc2
a5 41. Ba4 Bc6 42. Bxc6 Rxc6 43. Ke4 e6 44. fxe6 fxe6 45. Kd3 Ke7 46. Re4 Rc5
47. Rd4 d5 48. cxd5 Rxd5 49. Kc4 Rxd4+ 50. Kxd4 Kd6 0-1

[Event "III Trofeo Giorgio Porreca"]
[Site "Napoli ITA"]
[Date "2013.09.26"]
[Round "1"]
[White "Schiappoli, Dario"]
[Black "Auletta, Angelo"]
[WhiteElo "1909"]
[BlackElo "2150"]
[Result "0-1"]
[PlyCount "52"]
[EventDate "2013.09.26"]

1. e4 c5 2. d4 cxd4 3. c3 d3 4. Bxd3 Nc6 5. c4 d6 6. Nc3 Nf6 7. h3 g6 8. Be3
Bg7 9. Qd2 O-O 10. Nge2 Ne5 11. f4 Nxd3+ 12. Qxd3 Qa5 13. Bd2 Qb6 14. g4 Qxb2
15. Rb1 Qa3 16. g5 Nxe4 17. Bc1 Nc5 18. Qe3 Qa5 19. Rb5 Qd8 20. Ng3 Bd7 21. Rb2
Rc8 22. h4 Na4 23. Nxa4 Qa5+ 24. Bd2 Qxa4 25. Rxb7 Be6 26. Rxa7 Qxc4 0-1

[Event "III Trofeo Giorgio Porreca"]
[Site "Napoli ITA"]
[Date "2013.09.26"]
[Round "1"]
[White "Seletsky, Grigory"]
[Black "Baltzopoulos, Giorgos"]
[WhiteElo "2304"]
[BlackElo "1973"]
[Result "1-0"]
[PlyCount "81"]
[EventDate "2013.09.26"]

1. e4 e5 2. Nf3 Nc6 3. Bb5 a6 4. Ba4 Nf6 5. O-O Be7 6. Re1 b5 7. Bb3 O-O 8. a4
b4 9. d3 d6 10. Nbd2 Na5 11. Ba2 c5 12. Nf1 h6 13. Ne3 Be6 14. Nd2 Rb8 15. Bc4
Qc8 16. b3 Re8 17. Bb2 Bd8 18. g3 Nc6 19. f4 Nd4 20. f5 Bd7 21. Nd5 Bc6 22.
Nxf6+ Bxf6 23. Nf1 d5 24. exd5 Ba8 25. Bxd4 cxd4 26. Qf3 Rb6 27. Nd2 Bg5 28.
Ne4 Be3+ 29. Kh1 a5 30. Re2 Kh8 31. Rf1 Qd8 32. h4 Bxd5 33. Bxd5 Qxd5 34. f6
Rg8 35. Kh2 Rb7 36. fxg7+ Rxg7 37. Qh5 Rb6 38. Nf6 Qe6 39. Rxe3 Rg6 40. Rxe5
Qd6 41. Re8+ 1-0

[Event "III Trofeo Giorgio Porreca"]
[Site "Napoli ITA"]
[Date "2013.09.26"]
[Round "1"]
[White "Soave, Vittorio"]
[Black "Capozzoli, Silvio"]
[WhiteElo "1467"]
[BlackElo "1744"]
[Result "1-0"]
[PlyCount "48"]
[EventDate "2013.09.26"]

1. d4 g6 2. c4 Bg7 3. Nf3 d6 4. e4 e6 5. Nc3 Ne7 6. Be2 Nd7 7. O-O a6 8. b4 b6
9. Ba3 c5 10. Qd2 Nc6 11. bxc5 bxc5 12. d5 Nde5 13. dxc6 Nxf3+ 14. Bxf3 Qa5 15.
Bb2 Ke7 16. Rfd1 Rd8 17. Rab1 Qc7 18. Na4 e5 19. Ba3 Rb8 20. Rxb8 Qxb8 21. Qa5
Qa7 22. Bxc5 Qa8 23. Qc7+ Ke8 24. Nb6 Bg4 1-0

[Event "III Trofeo Giorgio Porreca"]
[Site "Napoli ITA"]
[Date "2013.09.26"]
[Round "1"]
[White "Somma, Andrea"]
[Black "Miccoli, Livio"]
[WhiteElo "1852"]
[BlackElo "1610"]
[Result "1-0"]
[PlyCount "121"]
[EventDate "2013.09.26"]

1. e4 e6 2. d3 d5 3. Nd2 Nf6 4. Ngf3 c5 5. g3 Nc6 6. Bg2 Be7 7. O-O O-O 8. e5
Nd7 9. Re1 Qc7 10. Qe2 f6 11. exf6 Nxf6 12. Bh3 Nd8 13. Ng5 e5 14. Qxe5 Bd6 15.
Qe2 Re8 16. Qf1 Nc6 17. Rxe8+ Nxe8 18. c3 Nf6 19. Ndf3 h6 20. Bxc8 Qxc8 21. Nh3
Qg4 22. Qg2 Re8 23. Bf4 Bxf4 24. Nxf4 g5 25. Nh3 Qe6 26. Nd2 Qe2 27. Nf1 Qxd3
28. Ne3 Qe4 29. Qxe4 Rxe4 30. Nf5 Kh7 31. Kf1 Kg6 32. Nd6 Re7 33. f4 Ne4 34.
Nxe4 dxe4 35. Ke2 Kf5 36. Ke3 Rd7 37. Nf2 c4 38. g4+ Kg6 39. f5+ Kf7 40. Nxe4
Rd3+ 41. Ke2 Ne5 42. Nf2 Rd5 43. Rd1 Rxd1 44. Kxd1 Nf3 45. h3 Ke7 46. Ke2 Ng1+
47. Ke3 Kd6 48. Kd4 b5 49. Ne4+ Ke7 50. Kc5 a6 51. Kb6 Nxh3 52. Kxa6 Nf4 53.
Kxb5 h5 54. gxh5 Nxh5 55. Nxg5 Kf6 56. Ne4+ Kxf5 57. Nd6+ Ke6 58. Kc6 Nf6 59.
Nxc4 Ke7 60. Ne5 Kd8 61. a4 1-0

[Event "III Trofeo Giorgio Porreca"]
[Site "Napoli ITA"]
[Date "2013.09.26"]
[Round "1"]
[White "Sparice, Lorenzo"]
[Black "Esposito, Rosario"]
[WhiteElo "1483"]
[BlackElo "1826"]
[Result "0-1"]
[PlyCount "77"]
[EventDate "2013.09.26"]

1. c4 c5 2. Nf3 Nc6 3. Nc3 g6 4. b3 Bg7 5. Bb2 d6 6. Rb1 e5 7. e4 Nge7 8. h3
O-O 9. Be2 f5 10. g4 fxg4 11. hxg4 Bxg4 12. Ng5 Bxe2 13. Qxe2 Nd4 14. Qd1 h6
15. Nd5 Nxd5 16. Bxd4 Qxg5 17. cxd5 exd4 18. d3 Rf7 19. Rb2 Raf8 20. Re2 Rf3
21. Qd2 Qxd2+ 22. Rxd2 Kh7 23. Rf1 Be5 24. Rg1 Bf4 25. Re2 Bg5 26. Rg3 Rxg3 27.
fxg3 Rf3 28. e5 dxe5 29. Rxe5 Re3+ 30. Rxe3 Bxe3 31. Ke2 Kg7 32. g4 Kf6 33. Kf3
Ke5 34. a3 Kxd5 35. a4 h5 36. Kg3 hxg4 37. Kxg4 Kc6 38. Kf3 Kb6 39. Ke4 0-1

[Event "III Trofeo Giorgio Porreca"]
[Site "Napoli ITA"]
[Date "2013.09.26"]
[Round "1"]
[White "Taurisano, Vincenzo"]
[Black "Esposito, Luca"]
[WhiteElo "1942"]
[BlackElo "2274"]
[Result "1-0"]
[PlyCount "63"]
[EventDate "2013.09.26"]

1. d4 Nf6 2. c4 e6 3. Nf3 c5 4. d5 exd5 5. cxd5 d6 6. e3 g6 7. Nc3 Bg7 8. e4
O-O 9. Be2 Bg4 10. O-O Re8 11. Bg5 h6 12. Bxf6 Bxf6 13. Nd2 Bxe2 14. Qxe2 Na6
15. f3 Nc7 16. Qd3 b5 17. Nxb5 Nxb5 18. Qxb5 Rb8 19. Qa6 Rb6 20. Qxa7 Rxb2 21.
Nc4 Bd4+ 22. Kh1 Rb8 23. Rab1 Ra8 24. Qb7 Rxa2 25. Qc6 Rf8 26. Qxd6 Qa8 27. Qg3
Qa4 28. Ne5 Qc2 29. Nc6 Bf2 30. Qh3 Qd3 31. Qxh6 Re8 32. Ne7+ 1-0

[Event "III Trofeo Giorgio Porreca"]
[Site "Napoli ITA"]
[Date "2013.09.26"]
[Round "1"]
[White "Zinnai, Graziano Matteo"]
[Black "Franzese, Luigi"]
[WhiteElo "2034"]
[BlackElo "1872"]
[Result "1-0"]
[PlyCount "77"]
[EventDate "2013.09.26"]

1. e4 c5 2. d3 d6 3. f4 Nc6 4. Nf3 Qc7 5. g3 Bg4 6. Nbd2 Nf6 7. Bg2 Nd4 8. c3
Nxf3+ 9. Nxf3 e6 10. Be3 Be7 11. h3 Bxf3 12. Qxf3 h5 13. O-O O-O 14. g4 g6 15.
f5 e5 16. g5 Nh7 17. f6 Bd8 18. Qg3 Qd7 19. c4 Ba5 20. Bf3 Rfc8 21. Qh4 Qe8 22.
Rf2 Qf8 23. Kh2 a6 24. Rg1 b5 25. Bxh5 bxc4 26. dxc4 Ra7 27. Bg4 Rb8 28. b3 Bc3
29. Qg3 Bd4 30. h4 Bxe3 31. Qxe3 a5 32. h5 Qe8 33. Rgf1 Nf8 34. hxg6 Nxg6 35.
Bf5 Nf4 36. Qg3 Rbb7 37. Rxf4 exf4 38. Qh4 Qe5 39. Qh7+ 1-0

[Event "III Trofeo Giorgio Porreca"]
[Site "Napoli ITA"]
[Date "2013.10.03"]
[Round "2"]
[White "Auletta, Angelo"]
[Black "Seletsky, Grigory"]
[WhiteElo "2150"]
[BlackElo "2304"]
[Result "0-1"]
[PlyCount "48"]
[EventDate "2013.09.26"]

1. e4 e6 2. d4 d5 3. Nc3 Nc6 4. e5 f6 5. Bb5 Bd7 6. Nf3 Qe7 7. O-O O-O-O 8. Re1
Qf7 9. a3 Nge7 10. b4 f5 11. Bd3 h6 12. b5 Nb8 13. h4 g5 14. hxg5 Ng6 15. Ne2
Qh7 16. Ng3 hxg5 17. Bxg5 Be7 18. Bxe7 Nxe7 19. Qd2 Ng6 20. a4 Rdf8 21. Kf1 f4
22. Bxg6 Qxg6 23. Ne2 Rhg8 24. Nxf4 Qg4 0-1

[Event "III Trofeo Giorgio Porreca"]
[Site "Napoli ITA"]
[Date "2013.10.03"]
[Round "2"]
[White "Baltzopoulos, Giorgos"]
[Black "Caiazzo, Diego"]
[WhiteElo "1973"]
[BlackElo "1797"]
[Result "1-0"]
[PlyCount "71"]
[EventDate "2013.09.26"]

1. d4 d5 2. c4 e6 3. Nc3 Nf6 4. cxd5 exd5 5. Bg5 Be7 6. e3 c6 7. Qc2 Nbd7 8.
Bd3 h6 9. Bh4 O-O 10. Nge2 Re8 11. f3 Bd6 12. Bf2 Qc7 13. O-O-O Nb6 14. Kb1 Be6
15. g4 Nc4 16. Bxc4 dxc4 17. e4 Bb4 18. h4 Bxc3 19. Nxc3 Nh7 20. Rdg1 Nf8 21.
Qd2 Qe7 22. f4 Bd7 23. h5 f6 24. g5 fxg5 25. fxg5 hxg5 26. Rxg5 Nh7 27. Rg6 Nf8
28. Rg2 Kh8 29. Rhg1 Ne6 30. d5 cxd5 31. exd5 Rad8 32. Qc1 Nf8 33. Bd4 Bf5+ 34.
Ka1 Ne6 35. Qh6+ Bh7 36. Qxe6 1-0

[Event "III Trofeo Giorgio Porreca"]
[Site "Napoli ITA"]
[Date "2013.10.03"]
[Round "2"]
[White "Buonanno, Raffaele"]
[Black "Angelotti, Mario"]
[WhiteElo "1455"]
[BlackElo "1746"]
[Result "1/2-1/2"]
[PlyCount "95"]
[EventDate "2013.09.26"]

1. d4 Nf6 2. c4 e5 3. dxe5 Ng4 4. Bf4 Nc6 5. Nf3 Bb4+ 6. Nc3 Bxc3+ 7. bxc3 Qe7
8. Qd5 f6 9. exf6 Nxf6 10. Qd3 d6 11. e3 O-O 12. Be2 Ne4 13. O-O Bf5 14. Qd5+
Kh8 15. Rac1 Qf6 16. Bd3 Rae8 17. a3 Qg6 18. Rfd1 Bg4 19. Bxe4 Rxe4 20. Qg5
Qxg5 21. Bxg5 Bxf3 22. gxf3 Rxf3 23. Bf4 g5 24. Kg2 Rxf2+ 25. Kxf2 gxf4 26.
exf4 Rxf4+ 27. Ke3 Rxc4 28. Rg1 Ne5 29. Rgf1 Ra4 30. Ra1 Ng4+ 31. Kd3 Nxh2 32.
Rf7 Ng4 33. Rxc7 Ne5+ 34. Kc2 b6 35. Rf1 Rg4 36. Rf8+ Rg8 37. Rxg8+ Kxg8 38.
Kd2 h5 39. Ke2 a5 40. Rb7 Nc4 41. a4 Nb2 42. Rxb6 Nxa4 43. Rxd6 Nxc3+ 44. Kf1
a4 45. Ra6 Kg7 46. Kg2 Kh7 47. Kh3 Nd5 48. Rxa4 1/2-1/2

[Event "III Trofeo Giorgio Porreca"]
[Site "Napoli ITA"]
[Date "2013.10.03"]
[Round "2"]
[White "Capozzoli, Silvio"]
[Black "Pellegrino, Carlo"]
[WhiteElo "1744"]
[BlackElo "1446"]
[Result "1-0"]
[PlyCount "54"]
[EventDate "2013.09.26"]

1. e4 d6 2. d4 Nf6 3. Nc3 e5 4. Nf3 Nbd7 5. Be2 Be7 6. O-O c6 7. Be3 Qc7 8. Nd2
d5 9. exd5 cxd5 10. Nb5 Qc6 11. Nb3 b6 12. f4 e4 13. Nc3 Rb8 14. a3 O-O 15. g4
h6 16. g5 hxg5 17. fxg5 Ne8 18. Qd2 g6 19. Rf2 f5 20. Raf1 Ng7 21. Bf4 Bd6 22.
Bb5 Qc7 23. Nxd5 Bxf4 24. Nxf4 Kf7 25. Qe2 Ne6 26. Bc4 Nf6 27. gxf6 Kxf6 1-0

[Event "III Trofeo Giorgio Porreca"]
[Site "Napoli ITA"]
[Date "2013.10.03"]
[Round "2"]
[White "Esposito, Luca"]
[Black "Somma, Andrea"]
[WhiteElo "2274"]
[BlackElo "1852"]
[Result "1-0"]
[PlyCount "93"]
[EventDate "2013.09.26"]

1. d4 Nf6 2. c4 g6 3. Nc3 Bg7 4. e4 d6 5. f3 O-O 6. Be3 e5 7. d5 Nh5 8. Qd2 f5
9. O-O-O fxe4 10. Nxe4 Bf5 11. Ng5 Nf4 12. h4 h6 13. Ne6 Nxe6 14. dxe6 Bxe6 15.
Bxh6 Bxh6 16. Qxh6 Qf6 17. Nh3 Bxh3 18. Rxh3 Qf4+ 19. Qxf4 exf4 20. Bd3 Rf6 21.
h5 g5 22. h6 Nd7 23. Rh5 Kf7 24. h7 Rh8 25. Rxg5 Ne5 26. Be4 c6 27. Rxe5 dxe5
28. Rd7+ Kf8 29. Rxb7 Rf7 30. Rb8+ Kg7 31. Rxh8 Kxh8 32. c5 Rg7 33. b4 Rxg2 34.
Bxc6 Kxh7 35. Bd7 e4 36. Bf5+ Kg8 37. c6 Rg1+ 38. Kc2 Rg2+ 39. Kc3 Rg1 40. Bxe4
Rg7 41. Kd4 Kf8 42. Ke5 Ke7 43. Bf5 Kd8 44. Kd6 Rf7 45. Be6 Rg7 46. b5 Rh7 47.
a4 1-0

[Event "III Trofeo Giorgio Porreca"]
[Site "Napoli ITA"]
[Date "2013.10.03"]
[Round "2"]
[White "Esposito, Rosario"]
[Black "Buiano, Fabio"]
[WhiteElo "1826"]
[BlackElo "2024"]
[Result "0-1"]
[PlyCount "74"]
[EventDate "2013.09.26"]

1. d4 Nf6 2. c4 Nc6 3. Nc3 e5 4. d5 Ne7 5. e4 Ng6 6. Bd3 Bc5 7. h3 d6 8. Na4
Bb4+ 9. Nc3 O-O 10. Nge2 a6 11. Bd2 Rb8 12. a3 Bc5 13. b4 Ba7 14. Qc2 Bd7 15.
Rf1 Qc8 16. O-O-O c6 17. f4 exf4 18. Nxf4 Ne5 19. g4 Ne8 20. Nh5 b5 21. c5 dxc5
22. Bf4 Nxd3+ 23. Qxd3 cxb4 24. Bxb8 Bxb8 25. axb4 cxd5 26. exd5 Be5 27. Kd2
Nd6 28. Ne4 Nxe4+ 29. Qxe4 Qc3+ 30. Ke2 Qxh3 31. Rg1 Re8 32. Kf2 Bh2 33. Qd4
Bxg1+ 34. Rxg1 Qh2+ 35. Kf3 Qe2+ 36. Kg3 f6 37. d6 Re3+ 0-1

[Event "III Trofeo Giorgio Porreca"]
[Site "Napoli ITA"]
[Date "2013.10.03"]
[Round "2"]
[White "Franzese, Luigi"]
[Black "Greco, Aniello"]
[WhiteElo "1872"]
[BlackElo "1572"]
[Result "1-0"]
[PlyCount "65"]
[EventDate "2013.09.26"]

1. e4 d6 2. d4 g6 3. Nf3 Bg7 4. h3 c6 5. Bc4 Nf6 6. Nbd2 O-O 7. O-O Nxe4 8.
Bxf7+ Rxf7 9. Nxe4 Qf8 10. Nfg5 Rf5 11. Ng3 Rf6 12. Qe2 d5 13. Kh2 h6 14. Nf3
b6 15. Re1 Re6 16. Ne5 Nd7 17. f4 Qf6 18. Bd2 c5 19. c3 h5 20. Qf1 h4 21. Ne2
Qf5 22. Rad1 Nf6 23. Ng1 Ne4 24. Bc1 Ng3 25. Qf3 Ne4 26. Qg4 Qf6 27. Qf3 Rd6
28. Qf1 c4 29. Ngf3 Bh6 30. Ng5 Ng3 31. Qf3 Be6 32. Nxe6 Rxe6 33. Ng4 1-0

[Event "III Trofeo Giorgio Porreca"]
[Site "Napoli ITA"]
[Date "2013.10.03"]
[Round "2"]
[White "Freda, Guido"]
[Black "Schiappoli, Dario"]
[WhiteElo "1416"]
[BlackElo "1909"]
[Result "1-0"]
[PlyCount "83"]
[EventDate "2013.09.26"]

1. d4 Nf6 2. c4 e5 3. e3 exd4 4. exd4 Bb4+ 5. Bd2 Bxd2+ 6. Nxd2 O-O 7. Bd3 d5
8. Ne2 dxc4 9. Nxc4 Re8 10. O-O Nc6 11. Bc2 Bg4 12. f3 Bh5 13. Kh1 b5 14. Na3
Nd5 15. Qd3 Bg6 16. Qxb5 Bxc2 17. Nxc2 Qd6 18. Qd3 Re6 19. Rae1 Ncb4 20. Nxb4
Nxb4 21. Qd2 Rae8 22. a3 Nd5 23. Ng3 Qe7 24. Rxe6 Qxe6 25. Ne4 f5 26. Nc5 Qe2
27. Qxe2 Rxe2 28. b4 Rd2 29. Ne6 Kf7 30. Ng5+ Kg6 31. Ne6 Kf6 32. Re1 Ne3 33.
Nxc7 Rxd4 34. h3 f4 35. Nb5 Rd2 36. Nxa7 Kg5 37. Rg1 Kh4 38. Kh2 Nc2 39. Rb1
Nxa3 40. Rb3 Nc2 41. b5 Ne1 42. Kg1 1-0

[Event "III Trofeo Giorgio Porreca"]
[Site "Napoli ITA"]
[Date "2013.10.03"]
[Round "2"]
[White "Gallo, Thomas Renato"]
[Black "Baccelliere, Antonio"]
[WhiteElo "1911"]
[BlackElo "1607"]
[Result "0-1"]
[PlyCount "24"]
[EventDate "2013.09.26"]

1. d4 d5 2. e4 dxe4 3. f3 e5 4. d5 Nf6 5. c4 c6 6. Bg5 exf3 7. Nxf3 e4 8. Nh4
h6 9. Bxf6 Qxf6 10. g3 Qxb2 11. Nd2 e3 12. Rc1 exd2+ 0-1

[Event "III Trofeo Giorgio Porreca"]
[Site "Napoli ITA"]
[Date "2013.10.03"]
[Round "2"]
[White "Lettieri, Giuseppe"]
[Black "Zinnai, Graziano Matteo"]
[WhiteElo "2395"]
[BlackElo "2034"]
[Result "1-0"]
[PlyCount "85"]
[EventDate "2013.09.26"]

1. e4 e6 2. d4 d5 3. Nc3 Nf6 4. e5 Nfd7 5. f4 c5 6. Nf3 Nc6 7. Be3 Be7 8. dxc5
Nxc5 9. Be2 Bd7 10. a3 a5 11. O-O O-O 12. Qe1 f6 13. exf6 Rxf6 14. Rd1 Rc8 15.
Nb5 Be8 16. c4 Bg6 17. cxd5 exd5 18. Bc4 dxc4 19. Rxd8+ Rxd8 20. Qc1 Bd3 21.
Rd1 Rg6 22. Bf2 Nb3 23. Qe3 Bc5 24. Qe1 Rf8 25. Bxc5 Nxc5 26. Qe3 Ne6 27. Nh4
Rgf6 28. f5 g6 29. Nc3 Ned4 30. Nd5 Rd6 31. Ne7+ Nxe7 32. Qxe7 Rdf6 33. Qxb7
Nxf5 34. Qd5+ Kg7 35. Nxf5+ Rxf5 36. Qd4+ Kg8 37. h3 h5 38. b3 Rf1+ 39. Rxf1
Rxf1+ 40. Kh2 Rc1 41. Qe3 Rc2 42. bxc4 Bxc4 43. Qe4 1-0

[Event "III Trofeo Giorgio Porreca"]
[Site "Napoli ITA"]
[Date "2013.10.03"]
[Round "2"]
[White "Miccoli, Livio"]
[Black "Pellegrino, Giovanni"]
[WhiteElo "1610"]
[BlackElo "1416"]
[Result "1-0"]
[PlyCount "52"]
[EventDate "2013.09.26"]

1. e4 e5 2. Nf3 Nf6 3. Nc3 Nc6 4. Bc4 Bc5 5. O-O d6 6. d3 h6 7. h3 O-O 8. Be3
b6 9. Qd2 Bd4 10. Nd5 Nxd5 11. Bxd5 Bxe3 12. fxe3 Bb7 13. Rf2 Rb8 14. Raf1 Qd7
15. Nh4 Nd8 16. Qe2 Bxd5 17. exd5 c6 18. Ng6 Re8 19. dxc6 Qc7 20. Nh4 Qxc6 21.
Nf5 d5 22. Qg4 Qg6 23. Qb4 Re6 24. Ne7+ Rxe7 25. Qxe7 Ra8 26. Qxe5 Qg5 1-0

[Event "III Trofeo Giorgio Porreca"]
[Site "Napoli ITA"]
[Date "2013.10.03"]
[Round "2"]
[White "Radice, Mario"]
[Black "Di Gennaro, Antonio"]
[WhiteElo "1911"]
[BlackElo "1667"]
[Result "1-0"]
[PlyCount "103"]
[EventDate "2013.09.26"]

1. b3 e5 2. Bb2 Nc6 3. e3 Nf6 4. Bb5 Bd6 5. Nf3 e4 6. Ng1 O-O 7. f4 exf3 8.
Nxf3 Re8 9. O-O Ne4 10. Nc3 Nxc3 11. Bxc3 Ne5 12. Nxe5 Bxe5 13. Bxe5 Rxe5 14.
Qf3 Re7 15. Bc4 Qf8 16. Rf2 c6 17. Raf1 d5 18. Bd3 Be6 19. Qh5 g6 20. Qg5 Rae8
21. Rf6 Qg7 22. h4 h6 23. Qg3 Bf5 24. Bxf5 Qxf6 25. Bd7 Qe5 26. Qxe5 Rxe5 27.
Bxe8 Rxe8 28. Rf4 a5 29. Kf2 Re6 30. Kf3 Kg7 31. g4 g5 32. hxg5 hxg5 33. Rf5
Rf6 34. e4 dxe4+ 35. Kxe4 Re6+ 36. Kf3 Rf6 37. Ke4 Re6+ 38. Kd3 Rd6+ 39. Kc3
Rd5 40. Rxd5 cxd5 41. Kd4 f5 42. gxf5 Kf6 43. Ke3 Kxf5 44. Kf3 g4+ 45. Ke3 Kg5
46. c4 dxc4 47. bxc4 Kh4 48. Kf2 Kg5 49. Kg3 Kf5 50. d4 Ke6 51. Kxg4 Kd6 52. a4
1-0

[Event "III Trofeo Giorgio Porreca"]
[Site "Napoli ITA"]
[Date "2013.10.04"]
[Round "2"]
[White "Solombrino, Giovanni"]
[Black "Soave, Vittorio"]
[WhiteElo "1858"]
[BlackElo "1467"]
[Result "1-0"]
[PlyCount "65"]
[EventDate "2013.09.26"]

1. e4 e6 2. d4 d5 3. Nd2 Nf6 4. e5 Nfd7 5. Bd3 c5 6. c3 Nc6 7. Ne2 cxd4 8. cxd4
f6 9. exf6 Nxf6 10. Nf3 Bd6 11. Ng3 O-O 12. O-O Bd7 13. Re1 Qc7 14. Bg5 Rae8
15. Rc1 Qb8 16. Bxf6 Rxf6 17. Bxh7+ Kxh7 18. Ng5+ Kg8 19. Qh5 Bxg3 20. Qh7+ Kf8
21. fxg3 Rf5 22. Qh8+ Ke7 23. Qxg7+ Kd6 24. Nf7+ Kc7 25. Ne5 Qd8 26. b4 Re7 27.
Qh6 Kb8 28. g4 Nxe5 29. gxf5 Nd3 30. f6 Rf7 31. Qg6 Nxc1 32. Qxf7 Nxa2 33. Qg7
1-0

[Event "III Trofeo Giorgio Porreca"]
[Site "Napoli ITA"]
[Date "2013.10.03"]
[Round "2"]
[White "Somma, Erminio"]
[Black "Cocchia, Umberto"]
[WhiteElo "1527"]
[BlackElo "1859"]
[Result "0-1"]
[PlyCount "77"]
[EventDate "2013.09.26"]

1. d4 Nf6 2. Nf3 g6 3. Nbd2 Bg7 4. e4 d6 5. Bd3 Nbd7 6. O-O O-O 7. e5 dxe5 8.
dxe5 Ng4 9. Nc4 Ndxe5 10. Nfxe5 Nxe5 11. Nxe5 Bxe5 12. Re1 Bg7 13. c3 c6 14.
Bg5 Be6 15. Qc2 Qc7 16. a3 Rad8 17. Rad1 Rd7 18. Be2 Rfd8 19. Rxd7 Rxd7 20. Rd1
Rxd1+ 21. Qxd1 Qd6 22. Qxd6 exd6 23. Bd2 Kf8 24. b4 Ke7 25. c4 d5 26. c5 Bf5
27. g4 Bc2 28. Bc1 Bc3 29. f4 d4 30. Kf2 d3 31. Bxd3 Bxd3 32. g5 Ke6 33. Ke3
Bc2 34. h4 Kd5 35. Kf3 Kc4 36. Kg4 Bd1+ 37. Kg3 Kb3 38. Be3 Kxa3 39. b5 0-1

[Event "III Trofeo Giorgio Porreca"]
[Site "Napoli ITA"]
[Date "2013.10.03"]
[Round "2"]
[White "Supino, Domenico"]
[Black "Lombardo, Claudio"]
[WhiteElo "2083"]
[BlackElo "1838"]
[Result "1/2-1/2"]
[PlyCount "90"]
[EventDate "2013.09.26"]

1. e4 c5 2. Nf3 e6 3. d3 Nc6 4. g3 Qc7 5. Bg2 Nf6 6. O-O Be7 7. Re1 d6 8. Nbd2
a6 9. a4 b6 10. Nc4 Bb7 11. c3 b5 12. axb5 axb5 13. Rxa8+ Bxa8 14. Ne3 O-O 15.
Nc2 b4 16. Bd2 bxc3 17. Bxc3 e5 18. Ne3 Nd4 19. Nd2 Nb5 20. Ndc4 Nxc3 21. bxc3
g6 22. g4 Bc6 23. Qf3 Bd7 24. g5 Nh5 25. Nd5 Qd8 26. h4 Be6 27. Nce3 Bxd5 28.
Nxd5 f6 29. Qg4 Nf4 30. Ra1 Nxd5 31. exd5 Qc8 32. Qg3 fxg5 33. hxg5 Qb7 34. Be4
Rf4 35. Kg2 Qd7 36. f3 Qb7 37. Ra2 Qd7 38. d4 cxd4 39. cxd4 Qd8 40. dxe5 dxe5
41. d6 Bxd6 42. Ra8 Bb8 43. Kh2 Rf8 44. Qg2 Qc7 45. Qa2+ Kg7 1/2-1/2

[Event "III Trofeo Giorgio Porreca"]
[Site "Napoli ITA"]
[Date "2013.10.03"]
[Round "2"]
[White "Taurisano, Vincenzo"]
[Black "Messina, Enrico"]
[WhiteElo "1942"]
[BlackElo "2216"]
[Result "0-1"]
[PlyCount "64"]
[EventDate "2013.09.26"]

1. d4 Nf6 2. c4 c5 3. d5 b5 4. cxb5 a6 5. e3 Bb7 6. Nc3 Qa5 7. Bd2 axb5 8. Bxb5
Qb6 9. Nf3 Nxd5 10. Bc4 e6 11. O-O Be7 12. Qe2 O-O 13. e4 Nc7 14. Rfd1 d6 15.
Bf4 Nd7 16. Rd2 Nf6 17. Rad1 Rad8 18. e5 dxe5 19. Nxe5 Ncd5 20. Bg5 Qc7 21. Rd3
Nb6 22. Rxd8 Bxd8 23. Nb5 Qe7 24. Nd6 Bd5 25. Nf5 exf5 26. Bxd5 Nbxd5 27. Rxd5
Qe6 28. Rxc5 Ne4 29. Bxd8 Nxc5 30. Bc7 f6 31. Qb5 Na6 32. Qd7 Nxc7 0-1

[Event "III Trofeo Giorgio Porreca"]
[Site "Napoli ITA"]
[Date "2013.10.10"]
[Round "3"]
[White "Angelotti, Mario"]
[Black "Tortorella, Eduardo"]
[WhiteElo "1746"]
[BlackElo "1475"]
[Result "0-1"]
[PlyCount "50"]
[EventDate "2013.09.26"]

1. e4 d6 2. d4 Nf6 3. Nc3 e6 4. Be3 Be7 5. Bd3 c6 6. h3 Nbd7 7. g4 b5 8. g5 Ng8
9. Qd2 b4 10. Nce2 a5 11. f4 c5 12. Nf3 cxd4 13. Nexd4 Nc5 14. h4 f6 15. Qg2
Bb7 16. Bb5+ Kf8 17. Bd3 e5 18. Nf5 Bxe4 19. Nxg7 Nxd3+ 20. cxd3 Bd5 21. gxf6
Bxf6 22. Nh5 Qe8 23. Rg1 Qxh5 24. fxe5 Bxf3 25. Qf2 Bxh4 0-1